LEADER 04594nam 2200745 450 001 9910787604903321 005 20230803195243.0 010 $a3-11-037475-7 010 $a3-11-034726-1 024 7 $a10.1515/9783110347265 035 $a(CKB)2670000000523379 035 $a(EBL)1524385 035 $a(SSID)ssj0001113128 035 $a(PQKBManifestationID)11615195 035 $a(PQKBTitleCode)TC0001113128 035 $a(PQKBWorkID)11166485 035 $a(PQKB)11604041 035 $a(MiAaPQ)EBC1524385 035 $a(DE-B1597)246567 035 $a(OCoLC)874161646 035 $a(OCoLC)979732413 035 $a(OCoLC)987949632 035 $a(OCoLC)992489546 035 $a(DE-B1597)9783110347265 035 $a(Au-PeEL)EBL1524385 035 $a(CaPaEBR)ebr10838331 035 $a(CaONFJC)MIL574295 035 $a(OCoLC)870592173 035 $a(EXLCZ)992670000000523379 100 $a20131220h20142014 uy| 0 101 0 $aeng 135 $aurnn#---|u||u 181 $ctxt 182 $cc 183 $acr 200 14$aThe Roman army and the expansion of the gospel $ethe role of the centurion in Luke-Acts /$fAlexander Kyrychenko 210 1$aBoston :$cDe Gruyter,$d[2014] 210 4$d©2014 215 $a1 online resource (240 p.) 225 1 $aBeihefte zur Zeitschrift fu?r die neutestamentliche Wissenschaft,$x0171-6441 ;$vvolume 203 300 $aDescription based upon print version of record. 311 0 $a3-11-034402-5 320 $aIncludes bibliographical references and index. 327 $tFront matter --$tContents --$tAcknowledgements --$t1. Introduction --$t2. Luke-Acts in the Roman Military Setting --$t3. The Image of the Roman Soldier in Greco-Roman Sources --$t4. The Image of the Roman Soldier in Jewish Sources --$t5. The Roman Military in Luke-Acts --$t6. Conclusion --$tBibliography --$tIndex of Modern Authors --$tIndex of Subjects --$tIndex of Primary Sources 330 $aAlthough Roman centurions appear at crucial stages in the Gospel of Luke and the Acts of the Apostles, the significance of the centurion's office for the development of Luke's story has not been adequately researched. To fill in that void, this study engages the relevant Greco-Roman and Jewish sources that reflect on the image of the Roman military and applies the findings to the analysis of the role of the Roman centurion in the narrative of Luke-Acts. It argues that contemporary evidence reveals a common perception of the Roman centurion as a principal representative of the Roman imperial power, and that Luke-Acts employs centurions in the role of prototypical Gentile believers in anticipation of the Christian mission to the Empire.Chapter 1 outlines the current state of the question. Chapter 2 surveys the background data, including the place of the centurion in the Roman military organization, the role of the Roman army as the basis of the ruling power, the army's function in the life of the civilian community, Luke's military terminology, and the Roman military regiments in Luke-Acts. Chapter 3 reviews Greco-Roman writings, including Polybius, Julius Caesar, Sallust, Livy, Velleius Paterculus, Tacitus, Appian, Cornelius Nepos, Plutarch, Suetonius, Plautus, Cicero, Virgil, Horace, Petronius, Quintilian, Epictetus, Juvenal, Fronto, Apuleius, as well as non-literary evidence. Chapter 4 engages the Jewish witnesses, including 1 Maccabees, the Dead Sea Scrolls, Jewish pseudepigrapha, Philo, Josephus, Talmudic sources, and non-literary sources. Chapter 5 examines the relevant accounts of Luke-Acts, focusing on Luke 7:1-10 and Acts 10:1-11:18. The Conclusion reviews the findings of the study and summarizes the results. 410 0$aBeihefte zur Zeitschrift fu?r die neutestamentliche Wissenschaft und die Kunde der a?lteren Kirche ;$vBeiheft 203. 606 $aGentiles in the New Testament 606 $aRELIGION / Biblical Criticism & Interpretation / New Testament$2bisacsh 607 $aRome$xArmy$xOfficers 607 $aRome$xHistory$yEmpire, 30 B.C.-284 A.D 610 $aActs. 610 $aGospel of Luke. 610 $acenturion. 615 0$aGentiles in the New Testament. 615 7$aRELIGION / Biblical Criticism & Interpretation / New Testament. 676 $a226.4/067 686 $aBC 7260$qBSZ$2rvk 700 $aKyrychenko$b Alexander$f1969-$01498422 801 0$bMiAaPQ 801 1$bMiAaPQ 801 2$bMiAaPQ 906 $aBOOK 912 $a9910787604903321 996 $aThe Roman army and the expansion of the gospel$93723976 997 $aUNINA LEADER 03030oas 2201129 a 450 001 9910144007603321 005 20251105213014.0 011 $a1550-5065 035 $a(DE-599)ZDB2053488-7 035 $a(DE-599)2053488-7 035 $a(OCoLC)55101186 035 $a(CONSER) 2004214245 035 $a(CKB)954925596554 035 $a(EXLCZ)99954925596554 100 $a20040507a19919999 sy a 101 0 $aeng 135 $aurcnu|||||||| 181 $ctxt$2rdacontent 182 $cc$2rdamedia 183 $acr$2rdacarrier 200 10$aJournal of nursing care quality 210 $a[Frederick, MD] $cAspen Publishers$d©1991- 300 $aRefereed/Peer-reviewed 300 $aTitle from issue table of contents page (Ovid Web site, viewed July 16, 2007). 300 $aPublished <2004->: Philadelphia : Lippincott Williams & Wilkins. 311 08$a1057-3631 531 0 $aJ. nurs. care qual. 606 $aNursing$xStandards$vPeriodicals 606 $aNursing audit$vPeriodicals 606 $aNursing Care 606 $aNursing Process$xstandards 606 $aQuality Assurance, Health Care 606 $aSoins infirmiers$xNormes$vPe?riodiques 606 $aSoins infirmiers$xE?valuation$vPe?riodiques 606 $aSoins infirmiers 606 $aSoins me?dicaux$xQualite?$xContro?le 606 $anursing (health science)$2aat 606 $aNursing audit$2fast$3(OCoLC)fst01041879 606 $aNursing$xStandards$2fast$3(OCoLC)fst01041831 608 $aPeriodical. 608 $aperiodicals.$2aat 608 $aPeriodicals.$2fast 608 $aPeriodicals.$2lcgft 608 $aPe?riodiques.$2rvmgf 615 0$aNursing$xStandards 615 0$aNursing audit 615 2$aNursing Care. 615 2$aNursing Process$xstandards. 615 2$aQuality Assurance, Health Care. 615 6$aSoins infirmiers$xNormes 615 6$aSoins infirmiers$xE?valuation 615 6$aSoins infirmiers. 615 6$aSoins me?dicaux$xQualite?$xContro?le. 615 7$anursing (health science) 615 7$aNursing audit. 615 7$aNursing$xStandards. 676 $a610 801 0$bFQM 801 1$bFQM 801 2$bNSD 801 2$bHNK 801 2$bOCLCQ 801 2$bPFM 801 2$bDLC 801 2$bLGG 801 2$bOCLCQ 801 2$bDLC 801 2$bOCLCF 801 2$bVT2 801 2$bOCLCQ 801 2$bZ5A 801 2$bOCLCO 801 2$bNLE 801 2$bOCLCA 801 2$bBUF 801 2$bWRM 801 2$bOCLCO 801 2$bAU@ 801 2$bOCLCO 801 2$bWYU 801 2$bUKMGB 801 2$bSFB 801 2$bGWM 801 2$bCNMTR 801 2$bOCLCQ 801 2$bOCLCO 801 2$bOCLCQ 801 2$bUAB 801 2$bOCLCQ 801 2$bSRU 801 2$bVLY 801 2$bOCLCL 801 2$bOCLCQ 906 $aJOURNAL 912 $a9910144007603321 996 $aJournal of nursing care quality$92430566 997 $aUNINA